000 01737nam a2200241Ia 4500
008 260220t1967||||xx |||||||||||||| ||spa||
040 _aPY-SlUNAC
_bspa
_erda
041 _aspa
082 _a530
_bAl72f
100 _aAlonso, Marcelo
_eAutor
245 0 _aFísica curso elemental: /
_cpor Marcelo Alonso [Autor]
264 _aMadrid :
_bMediterráneo,
_c℗1967.
300 _a1 volumen
520 _aEl libro "Física curso elemental" de Marcelo Alonso es una obra fundamental que introduce a los lectores en los principios básicos de la física a través de un enfoque claro y accesible. A lo largo de sus capítulos, se abordan temas esenciales como la mecánica, la termodinámica, la electricidad y el magnetismo, presentando conceptos de manera que tanto estudiantes como aficionados puedan comprender. Alonso utiliza ejemplos cotidianos y problemas prácticos para ilustrar las leyes físicas, fomentando así una conexión entre la teoría y la realidad. Además, el texto incluye ilustraciones y diagramas que facilitan la visualización de los fenómenos estudiados. El autor se esfuerza por cultivar un pensamiento crítico y analítico en el lector, promoviendo la curiosidad y el interés por la ciencia en general. Este enfoque didáctico y riguroso hace de "Física curso elemental" una referencia valiosa para quienes inician su formación en esta disciplina, proporcionando una base sólida para el aprendizaje futuro en física y otras ciencias relacionadas.
653 _aCursos académicos
653 _aEducación
653 _aFísica
942 _b2026/02/17
_cBK
999 _c7717
_d7717